000 00733nas a2200229 4500
001 BR7800967
003 BR-BrBNA
005 20231205083337.0
007 ta
008 230509b bl.|||p| |||| 00| 00por d
040 _aBR-BrBNA
_bpor
_cBiblioteca Nacional de Agricultura
041 _a(Pt)
072 _aE70
110 1 _aInstituto Rio Grandense do Arroz, Porto Alegre (Brasil)
245 1 _aCondicoes gerais de compra do arroz; safra 76/77 [Oryza sativa, Rio Grande do Sul, Brasil]
650 _aARROZ
650 _aCOMPRA
650 _aRIO GRANDE DO SUL
773 0 _tLavoura Arrozeira (Brazil)
_xISSN 0023-9143
_g(Mar 1977), v. 30(298)p 1-11
_wBR7800967
909 _a202311
_bLúcia
_c55
_dLúcia Elande
942 _2AGRIS
_n0
_cANA
999 _c98125
_d98125